Ergonomická parametrizácia stomatologických a fyzioterapeutických procesov

Bibliographic Details
Main Authors: Kovaľová, Eva, 1956- (Author), Eliašová, Anna, 1949- (Author), Živčák, Jozef, 1958- (Author)
Format: Book
Language:Slovak
Published: Lipovce pri Prešove A-print 2017
Edition:Vydanie prvé
Subjects:

MARC

LEADER 00000cam a2200000 4500
001 vtls011748221
003 SK-MaSNL
005 20260301183012.0
008 200104s2017 xo odl fr 000 0 slo
015 |a SNBA2018/05 
020 |a 9788089721290  |q (brožované) 
035 |a urn:nbn:sk:snk-am00d2jr 
035 |a urn:nbn:sk:snk-am3hjib 
035 |a 5519775D-D99D-48A0-983E-B03E091A78FD 
040 |a SNK  |b slo  |c SNK  |e rda 
041 0 |a slo 
044 |a xo  |c SK 
072 7 |a 615.8  |x Fyzioterapia. Psychoterapia. Alternatívna medicína  |2 konspekt 
080 |a 615.851.3  |2 2011 
080 |a 331.101.1  |2 2011 
080 |a 612.766.1  |2 2011 
080 |a 616.31  |2 2011 
080 |a (048.8)  |2 2011 
100 1 |a Kovaľová, Eva,  |d 1956-  |4 aut  |9 11666 
245 1 0 |a Ergonomická parametrizácia stomatologických a fyzioterapeutických procesov  |c Eva Kovaľová, Anna Eliašová, Jozef Živčák 
250 |a Vydanie prvé 
264 1 |a Lipovce pri Prešove  |b A-print  |c 2017 
300 |a 166 strán  |b fotografie, grafy, ilustrácie, schémy, tabuľky  |c 21 cm 
336 |a text  |b txt  |2 rdacontent 
336 |a statický obraz  |b sti  |2 rdacontent 
337 |a bez média  |b n  |2 rdamedia 
338 |a zväzok  |b nc  |2 rdacarrier 
500 |a Vydané pre Prešovskú univerzitu v Prešove, Fakultu zdravotníckych odborov 
504 |a Obsahuje bibliografiu 
650 0 7 |a ergoterapia  |2 SNKPH  |9 24943 
650 0 7 |a ergonómia  |2 SNKPH  |9 19132 
650 0 7 |a fyziológia práce  |2 SNKPH  |9 98962 
650 0 7 |a stomatológia  |2 SNKPH  |9 917 
650 0 7 |a Occupational therapy  |2 SNKPHeng  |9 337704 
650 0 7 |a Human engineering  |2 SNKPHeng  |9 300387 
650 0 7 |a Work physiology  |2 SNKPHeng  |9 315023 
650 0 7 |a Stomatology  |2 SNKPHeng  |9 268166 
655 7 |a monografie  |2 SNKPH  |9 70139 
655 7 |a Monographs  |2 SNKPHeng  |9 120675 
700 1 |a Eliašová, Anna,  |d 1949-  |4 aut  |9 19593 
700 1 |a Živčák, Jozef,  |d 1958-  |4 aut  |9 151558 
919 |a 978-80-89721-29-0 
958 |a NB 
958 |a MI 
999 |c 855521  |d 857451 
952 |a SNK  |b SNK  |y PREZ  |7 0  |p 17A1323059  |o snkSC 178815  |i snk2018/7287  |8 0  |0 0  |1 0  |4 0  |d 2018-03-27  |f 1  |l 0  |r 2025-09-19 00:00:00  |w 2026-02-24 
952 |a SNK  |b SNK  |y VYP  |7 0  |p 17A1323060  |o snkSC 178815 D1  |i snk2018/7288  |8 0  |0 0  |1 0  |4 0  |d 2018-03-27  |l 0  |r 2026-02-24 04:55:11  |w 2026-02-24